Central Library OPAC University of Rajshahi

জিহাদের গুরুত্ব ও শহীদের মর্যাদা / (Record no. 40619)

MARC details
000 -LEADER
fixed length control field 00848nam a2200241 a 4500
001 - CONTROL NUMBER
control field 40619
003 - CONTROL NUMBER IDENTIFIER
rucl marc code BD-RjUL
005 - DATE AND TIME OF LATEST TRANSACTION
control field 20211209053243.0
008 - FIXED-LENGTH DATA ELEMENTS--GENERAL INFORMATION
fixed length control field 160507s2004 bg ||||| |||| 00| 0 ben d
020 ## - INTERNATIONAL STANDARD BOOK NUMBER
Terms of availability : Tk.60.00
035 ## - SYSTEM CONTROL NUMBER
System control number (BD-RjUL)40734
040 ## - CATALOGING SOURCE
Original cataloging agency BD-RjUL
Language of cataloging ben
Transcribing agency BD-RjUL
041 ## - LANGUAGE CODE
Language code of text/sound track or separate title ben
082 ## - DEWEY DECIMAL CLASSIFICATION NUMBER
Edition number 23
Classification number 297.72
Author mark and year ISJ 2004
100 ## - MAIN ENTRY--PERSONAL NAME
Personal name ইসলাম, এম. আনোয়ারুল
9 (RLIN) 124974
245 10 - TITLE STATEMENT
Title জিহাদের গুরুত্ব ও শহীদের মর্যাদা /
Statement of responsibility, etc. এম. আনোয়ারুল ইসলাম
250 ## - EDITION STATEMENT
Edition statement ২য় সং.
260 ## - PUBLICATION, DISTRIBUTION, ETC. (IMPRINT)
Place of publication, distribution, etc. ঢাকা :
Name of publisher, distributor, etc. ইসলাম প্রকাশনী,
Date of publication, distribution, etc. ২০০৪.
300 ## - PHYSICAL DESCRIPTION
Pagination [৬] ১০৪ পৃ. ;
Size ২১ সেমি.
650 ## - SUBJECT ADDED ENTRY--TOPICAL TERM
Topical term or geographic name as entry element জিহাদ
9 (RLIN) 124882
Topical term or geographic name as entry element Jihad
9 (RLIN) 119787
942 ## - ADDED ENTRY ELEMENTS (KOHA)
Source of classification or shelving scheme Dewey Decimal Classification
Koha item type Books
Holdings
Lost status Source of classification or shelving scheme Damaged status Not for loan Collection code Permanent Location Current Location Shelving location Date acquired Source of acquisition Cost, normal purchase price Total Checkouts Full call number Date last seen Copy number Koha item type
  Dewey Decimal Classification   Not For Loan Non-fiction Central Library, University of Rajshahi Central Library, University of Rajshahi   04/07/2005 Author, R.U 60.00   B 297.72 ISJ 2004 07/05/2016 C-2 Books
  Dewey Decimal Classification     Non-fiction Central Library, University of Rajshahi Central Library, University of Rajshahi   04/07/2005 Author, R.U 60.00   B 297.72 ISJ 2004 07/05/2016 C-5 Books
  Dewey Decimal Classification     Non-fiction Central Library, University of Rajshahi Central Library, University of Rajshahi   04/07/2005 Author, R.U 60.00   B 297.72 ISJ 2004 07/05/2016 C-3 Books
  Dewey Decimal Classification     Non-fiction Central Library, University of Rajshahi Central Library, University of Rajshahi   04/07/2005 Author, R.U 60.00   B 297.72 ISJ 2004 07/05/2016 C-4 Books
  Dewey Decimal Classification     Non-fiction Central Library, University of Rajshahi Central Library, University of Rajshahi   04/07/2005 Author, R.U 60.00   B 297.72 ISJ 2004 17/08/2016 C-6 Books